000
00503nam a2200145Ia 4500
008
090124s9999 xx 000 0 und d
082
_b
403066
245
_a
मुलांसाठी मनोरंजक गोष्टी
250
_a
1
260
_b
पाटील एकनाथ
_c
1994
300
_a
64
630
_a
मुलांसाठी मनोरंजक गोष्टी
730
_a
मुलांसाठी मनोरंजक गोष्टी
942
_c
BOOK
999
_c
199529
_d
199529